000
00302nam a22001337a 4500
008
181106b xxu||||| |||| 00| 0 eng d
020
_a
0262161125
041
_a
eng
080
_a
159.9
100
_a
48
101
_a
PSI
245
_a
Foundations of Cognitive Science
_c
Posner,M.I
942
_2
udc
_c
BK
999
_c
51994
_d
51994